Introducción a la filosofía: virtud verdad en obra

Guardat en:
Dades bibliogràfiques
Autor principal: Verstraete, Miguel (Autor)
Format: Llibre
Idioma:espanyol
Publicat: Mendoza Propedeutica 1992
Matèries:
Etiquetes: Afegir etiqueta
Sense etiquetes, Sigues el primer a etiquetar aquest registre!

MARC

LEADER 00000nam a2200000 a 4500
001 UCP2749
003 CL-VaPUC
008 990528e19920000AG |||||||||||||||||spa|d
082 0 4 |a 100  |b VER  |2 21 
100 0 |a Verstraete, Miguel  |e author  |9 429693 
245 1 0 |a Introducción a la filosofía: virtud verdad en obra 
300 |a v 
942 |c BK 
945 |d 19990528 00:00:00  |a rbrito 
260 |a Mendoza  |b Propedeutica  |c 1992 
600 0 |a Aristóteles,  |d 384 a.C.- 322 a.C.  |9 194 
600 0 7 |a PLATON  |2 CL-VaPUC  |9 222 
600 0 |a Tomás de Aquino  |d 1220-1274  |c Santo  |9 255832 
650 0 |a Filosofía   |9 223554 
650 0 |a Metafísica  |9 265649 
650 0 |a Verdad  |9 313815 
650 7 |a KINESIS  |2 CL-VaPUC  |9 427970 
650 0 |a Ética  |9 255099 
650 0 |a Lógica  |9 256849 
650 0 |a Aporía  |9 429694 
583 |a last modification  |c 19990528 00:00:00  |k Rodrigo Vera 
999 |c 281226  |d 281224 
952 |0 0  |1 0  |4 0  |6 100_000000000000000_VER_1992  |7 0  |8 A  |9 321909  |a BIBEDU  |b BIBEDU  |d 2019-11-20  |h v.1  |i 3524981  |l 4  |m 2  |o 100 VER 1992  |p 3524981  |q 2024-08-02  |r 2024-07-03  |s 2024-07-03  |w 2019-11-20  |y BK  |k BME